<?xml version="1.0" encoding="UTF-8"?>
<record
    xmlns:xsi="http://www.w3.org/2001/XMLSchema-instance"
    xsi:schemaLocation="http://www.loc.gov/MARC21/slim http://www.loc.gov/standards/marcxml/schema/MARC21slim.xsd"
    xmlns="http://www.loc.gov/MARC21/slim">

  <leader>01339nam0a22002771  4500</leader>
  <controlfield tag="001">v19\rc\1696550</controlfield>
  <controlfield tag="005">20260406070546.0</controlfield>
  <datafield tag="035" ind1=" " ind2=" ">
    <subfield code="a">(NLR Aleph) 005244937</subfield>
  </datafield>
  <datafield tag="090" ind1=" " ind2=" ">
    <subfield code="a">5743764</subfield>
    <subfield code="c">5743764</subfield>
  </datafield>
  <datafield tag="100" ind1=" " ind2=" ">
    <subfield code="a">20061002d1897    |||y0rusy50      ca</subfield>
  </datafield>
  <datafield tag="101" ind1="1" ind2=" ">
    <subfield code="a">rus</subfield>
    <subfield code="c">ger</subfield>
  </datafield>
  <datafield tag="102" ind1=" " ind2=" ">
    <subfield code="a">RU</subfield>
  </datafield>
  <datafield tag="105" ind1=" " ind2=" ">
    <subfield code="a">y   z   |||||</subfield>
  </datafield>
  <datafield tag="200" ind1="1" ind2=" ">
    <subfield code="a">&#x41F;&#x440;&#x438;&#x432;&#x44B;&#x447;&#x43D;&#x44B;&#x435; &#x437;&#x430;&#x43F;&#x43E;&#x440;&#x44B; &#x438; &#x438;&#x445; &#x43B;&#x435;&#x447;&#x435;&#x43D;&#x438;&#x435;</subfield>
    <subfield code="e">&#x41F;&#x435;&#x440;. &#x441; &#x43D;&#x435;&#x43C;.</subfield>
    <subfield code="f">G.A. Ewald, &#x43F;&#x440;&#x43E;&#x444;. &#x411;&#x435;&#x440;&#x43B;. &#x443;&#x43D;-&#x442;&#x430;</subfield>
    <subfield code="g">&#x41F;&#x43E;&#x434; &#x440;&#x435;&#x434;. &#x434;-&#x440;&#x430; &#x43C;&#x435;&#x434;. &#x41F;.&#x41C;. &#x420;&#x435;&#x432;&#x438;&#x434;&#x446;&#x43E;&#x432;&#x430;</subfield>
  </datafield>
  <datafield tag="210" ind1=" " ind2=" ">
    <subfield code="a">&#x41C;&#x43E;&#x441;&#x43A;&#x432;&#x430;</subfield>
    <subfield code="c">&#x420;&#x443;&#x441;. &#x442;-&#x432;&#x43E; &#x43F;&#x435;&#x447;. &#x438; &#x438;&#x437;&#x434;. &#x434;&#x435;&#x43B;&#x430;</subfield>
    <subfield code="d">1897</subfield>
  </datafield>
  <datafield tag="215" ind1=" " ind2=" ">
    <subfield code="a">35 &#x441;.</subfield>
    <subfield code="d">21</subfield>
  </datafield>
  <datafield tag="300" ind1=" " ind2=" ">
    <subfield code="a">&#x418;&#x437; &#x43F;&#x440;&#x435;&#x434;&#x438;&#x441;&#x43B;.: "&#x41F;&#x440;&#x435;&#x434;&#x43B;&#x430;&#x433;&#x430;&#x435;&#x43C;&#x430;&#x44F; &#x43C;&#x43E;&#x43D;&#x43E;&#x433;&#x440;&#x430;&#x444;&#x438;&#x44F;, &#x43F;&#x440;&#x435;&#x434;&#x43D;&#x430;&#x437;&#x43D;&#x430;&#x447;&#x435;&#x43D;. &#x430;&#x432;&#x442;. &#x434;&#x43B;&#x44F; "&#x410;&#x43C;&#x435;&#x440;. &#x43C;&#x435;&#x434;. &#x44D;&#x43D;&#x446;&#x438;&#x43A;&#x43B;&#x43E;&#x43F;&#x435;&#x434;&#x438;&#x447;. &#x441;&#x43B;&#x43E;&#x432;&#x430;&#x440;&#x44F;", &#x43D;&#x430;&#x43F;&#x435;&#x447;. &#x442;&#x430;&#x43A;&#x436;&#x435; &#x432; &#x43D;&#x435;&#x434;&#x430;&#x432;&#x43D;&#x43E; &#x432;&#x44B;&#x448;&#x435;&#x434;&#x448;&#x435;&#x439; 105 &#x43A;&#x43D;. "Berliner Klinik"</subfield>
  </datafield>
  <datafield tag="700" ind1=" " ind2="1">
    <subfield code="8">rus</subfield>
    <subfield code="7">ca</subfield>
    <subfield code="a">&#x42D;&#x432;&#x430;&#x43B;&#x44C;&#x434;</subfield>
    <subfield code="b">&#x41A;. &#x410;.</subfield>
    <subfield code="f">1845-1915</subfield>
    <subfield code="g">&#x41A;&#x430;&#x440;&#x43B; &#x410;&#x43D;&#x442;&#x43E;&#x43D;</subfield>
    <subfield code="3">RU\NLR\AUTH\7715786</subfield>
    <subfield code="9">125434</subfield>
  </datafield>
  <datafield tag="702" ind1=" " ind2="1">
    <subfield code="4">340</subfield>
    <subfield code="8">rus</subfield>
    <subfield code="7">ca</subfield>
    <subfield code="a">&#x420;&#x435;&#x432;&#x438;&#x434;&#x446;&#x43E;&#x432;</subfield>
    <subfield code="b">&#x41F;. &#x41C;.</subfield>
    <subfield code="f">1884-1926</subfield>
    <subfield code="g">&#x41F;&#x435;&#x442;&#x440; &#x41C;&#x43E;&#x438;&#x441;&#x435;&#x435;&#x432;&#x438;&#x447;</subfield>
    <subfield code="3">RU\NLR\AUTH\77114370</subfield>
    <subfield code="9">97295</subfield>
  </datafield>
  <datafield tag="801" ind1=" " ind2="0">
    <subfield code="a">RU</subfield>
    <subfield code="b">NLR</subfield>
    <subfield code="c">20061002</subfield>
    <subfield code="g">psbo</subfield>
  </datafield>
  <datafield tag="801" ind1=" " ind2="0">
    <subfield code="a">RU</subfield>
    <subfield code="b">RuMoRGB</subfield>
    <subfield code="c">20061002</subfield>
    <subfield code="2">psbo</subfield>
  </datafield>
  <datafield tag="801" ind1=" " ind2="1">
    <subfield code="a">RU</subfield>
    <subfield code="b">ProSoft-M</subfield>
    <subfield code="c">20061002</subfield>
    <subfield code="2">rusmarc</subfield>
  </datafield>
  <datafield tag="801" ind1=" " ind2="2">
    <subfield code="a">RU</subfield>
    <subfield code="b">NLR</subfield>
    <subfield code="c">20121109</subfield>
    <subfield code="2">rusmarc</subfield>
  </datafield>
  <datafield tag="852" ind1=" " ind2=" ">
    <subfield code="a">NLR</subfield>
    <subfield code="j">20.99.6.209</subfield>
  </datafield>
  <datafield tag="942" ind1=" " ind2=" ">
    <subfield code="c">BOOK</subfield>
  </datafield>
  <datafield tag="980" ind1=" " ind2=" ">
    <subfield code="a">NB</subfield>
  </datafield>
  <datafield tag="995" ind1=" " ind2=" ">
    <subfield code="5">2013-10-26</subfield>
    <subfield code="b">NLR02</subfield>
    <subfield code="c">NLR02</subfield>
    <subfield code="e">RFS</subfield>
    <subfield code="f">5244937-10</subfield>
    <subfield code="k">20.99.6.209</subfield>
    <subfield code="o">0</subfield>
    <subfield code="r">BOOK</subfield>
    <subfield code="s">20996209_</subfield>
  </datafield>
</record>
